Южная Америка: Страны, столицы, валюты, языки и т.д. - Statistics

General Stats
  • This quiz has been taken 16 times
  • The average score is 45 of 83
Answer Stats
Страны Южной Америки % Correct
Аргентина
100%
Боливия
100%
Бразилия
100%
Венесуэла
100%
Колумбия
100%
Парагвай
100%
Перу
100%
Суринам
100%
Уругвай
100%
Чили
100%
Эквадор
100%
Гайана
92%
Буэнос-Айрес
69%
испанский
69%
испанский
69%
Бразилиа
69%
Каракас
69%
испанский
69%
испанский
69%
испанский
69%
испанский
69%
испанский
69%
испанский
69%
испанский
69%
аргентинское песо
62%
католическое христианство
62%
католическое христианство
62%
португальский
62%
католическое христианство
62%
католическое христианство
62%
колумбийское песо
62%
католическое христианство
62%
католическое христианство
62%
католическое христианство
62%
уругвайское песо
62%
католическое христианство
62%
чилийское песо
62%
католическое христианство
62%
католическое христианство
62%
гайанский доллар
54%
Лима
54%
суринамский доллар
54%
Монтевидео
54%
Сантьяго
54%
Кито
54%
доллар США
54%
боливар
46%
протестантское христианство
46%
Богота
46%
протестантское христианство
46%
Сукре
38%
Ла-Пас
38%
реал
38%
английский
38%
Асунсьон
38%
Парамарибо
38%
0,619
38%
0,803
38%
12,772
38%
19,282
38%
20,339
38%
31,068
38%
3,541
38%
7,702
38%
кечуа
31%
Джорджтаун
31%
кечуа
31%
нидерландский
31%
35,535
31%
47,984
31%
53,795
31%
боливиано
23%
аймара
23%
Сан-Паулу
23%
аймара
23%
гуарани
15%
гуарани
15%
гуарани
15%
новый соль
15%
сранан-тонго
15%
Гуаякиль
15%
эквадорское сентаво
15%
224,137
15%
No matching quizzes found
Score Distribution
Percent of People with Each Score
Percentile by Number Answered
Your Score History
You have not taken this quiz